The expeditions of Zebulon Montgomery Pike

Αποθηκεύτηκε σε:
Λεπτομέρειες βιβλιογραφικής εγγραφής
Άλλοι συγγραφείς: Coues, Elliott, 1842-1899 (Επιμελητής έκδοσης)
Μορφή: Βιβλίο
Γλώσσα:English
Δημοσίευση: New York : Dover Publications, c1987.
Θέματα:
Ετικέτες: Προσθήκη ετικέτας
Δεν υπάρχουν, Καταχωρήστε ετικέτα πρώτοι!

MARC

LEADER 00000nam a2200000 a 4500
001 1/127599
008 231030s1987####nyu| ||| |||| ||eng||
020 |a 048625254X  |q (τ. 1) 
020 |a 0486252558  |q (τ. 2) 
040 |a GR-MyUa  |b gre  |c GR-MyUa  |e AACR2 
041 0 |a eng 
082 7 |a 917.8042   |2 (23) 
245 0 4 |a The expeditions of Zebulon Montgomery Pike /   |c edited by Elliott Coues.  
260 |a New York :   |b Dover Publications,   |c c1987.  
300 |a 2 τ. :   |b χάρτες ;   |c 22 εκ.  
500 |a Originally published in three vols.: New ed. New York : F.P. Harper, 1895.  
500 |a Three folded maps in pocket.  
504 |a Περιλαμβάνει βιβλιογραφικές παραπομπές και ευρτήριο.  
651 0 |a West (U.S.)  |x Description and travel. 
651 0 |a West (U.S.)  |x Discovery and exploration. 
651 0 |a Mississippi River  |x Description and travel. 
651 0 |a New Mexico  |x Description and travel. 
600 1 0 |a Pike, Zebulon Montgomery,   |d 1779-1813  |x Travel  |z West (U.S.). 
700 1 |a Coues, Elliott,   |d 1842-1899,  |e edt 
852 |a INST  |b LESVOS  |e 20231030  |h 917.8042 EXP  |p 005100065703  |q 005100065703  |t BK  |v τ.1:  |y 0 
852 |a INST  |b LESVOS  |e 20231030  |h 917.8042 EXP  |p 005100065704  |q 005100065704  |t BK  |v τ.2:  |y 0 
853 |a INST  |b LESVOS  |h 917.8042 EXP 
970 |a Καμάτσου  |b Δέσποινα  |z 30-10-2023